| 000 | 01165nam a2200301 i 4500 | ||
|---|---|---|---|
| 001 | 12250 | ||
| 003 | ES-MaACL | ||
| 005 | 20230906150255.0 | ||
| 008 | 930216s1992 sp a |||| | spa | ||
| 020 | _a84-86288-03-7 | ||
| 080 | _a75 Duarte, Ángel (064.3) | ||
| 080 | _a73 Duarte, Ángel (064.3) | ||
| 100 | 1 |
_aDuarte, Angel. _945726 |
|
| 245 | 1 | 0 |
_aÁngel Duarte / _c[traducción, Noel Byde, Celia Montolío]. |
| 260 |
_a[S.l.] : _bEdiciones L ; _a[Mérida] : _bConsejería de Educación y Cultura, _c[1992] |
||
| 300 |
_a188 p. : _bil. col. y n. ; _c30 cm. |
||
| 504 | _aBibliografía: p. 181-188. | ||
| 546 | _aTexto en español y traducción en inglés. | ||
| 585 | _aCatálogo de la exposición celebrada en Cáceres, Centro de Exposiciones Plaza de San Jorge, noviembre-diciembre 1992. | ||
| 600 | 1 | 4 |
_aDuarte, Angel- _vExposiciones. _945727 |
| 655 | 7 |
_2tgfbne _9193628 _aCatálogos de exposiciones |
|
| 700 | 1 |
_aByde, Noel. _933009 |
|
| 700 | 1 |
_aMontolío Nicholson, Celia. _982677 |
|
| 710 | 1 |
_aExtremadura. _bConsejería de Educación y Cultura. _94053 |
|
| 852 | 4 |
_aES-MaACL _jL-19623 |
|
| 942 | _2udc | ||
| 999 |
_c12250 _d12250 |
||